Prensa y convivencia internacional : 2ª Semana Internacional de Prensa, Barcelona 1964 2ª Semana Internacional de Prensa, Barcelona 1964
Descripción Física:
XV, 720 p. ; 27 cm
Materias:
Premsa -- Congressos
MARC
| LEADER | 00000nam a2200000Ia 4500 | ||
|---|---|---|---|
| 001 | 8684 | ||
| 008 | 160829s1964 xx 000 0 cat d | ||
| 080 | |a O-1-14 | ||
| 100 | |a Semana Internacional de Prensa (2a : 1964 : Barcelona) |9 23558 | ||
| 245 | |a Prensa y convivencia internacional : |b 2ª Semana Internacional de Prensa, Barcelona 1964 | ||
| 260 | |a Barcelona : |b Instituto de Ciencias Sociales, Diputación Provincial de Barcelona, |c 1964 | ||
| 300 | |a XV, 720 p. ; |c 27 cm | ||
| 650 | |a Premsa |x Congressos |9 23559 | ||
| 710 | 2 | |a Instituto de Ciencias Sociales (Barcelona, Catalunya) |9 54508 | |
| 901 | |a Arxiu | ||
| 942 | |n 1 | ||
| 952 | |0 0 |1 0 |4 0 |6 O114 |7 1 |9 42753 |a Arxiu |b Arxiu |d 2016-12-01 |l 0 |o O-1-14 |p 8684 |r 2016-12-01 00:00:00 |w 2016-12-01 |y ARXIU | ||
| 999 | |c 45259 |d 45259 | ||